Plywood and other wood-based panels : report of an International Consultation on Plywood and Other Wood-Based Panel Products, Rome, 8-19 July 1963.

Bibliographic Details
Corporate Authors: International Consultation on Plywood and Other Wood-Based Panel Products Rome, Food and Agriculture Organization of the United Nations
Format: Conference Proceeding Book
Language:English
Published: Rome : Food and Agriculture Organization of the United Nations, 1966.
Subjects:

MARC

Tag First Indicator Second Indicator Subfields
LEADER 00000cam a2200000 i 4500
001 in00000094416
005 20150927110443.0
008 790314s1966 it b i10000 eng
010 |a  79300787  
035 |a (OCoLC)04835103 
035 |9 AAL6281AM 
040 |a DLC  |c DLC  |d TXA  |d UtOrBLW 
049 |a TXAM  |c [713579] 
050 0 0 |a TS870  |b .I57 1963 
082 0 |a 338.4/7/67483 
090 |a TS870  |b .I5 
111 2 |a International Consultation on Plywood and Other Wood-Based Panel Products  |d (1963 :  |c Rome) 
245 1 0 |a Plywood and other wood-based panels :  |b report of an International Consultation on Plywood and Other Wood-Based Panel Products, Rome, 8-19 July 1963. 
264 1 |a Rome :  |b Food and Agriculture Organization of the United Nations,  |c 1966. 
300 |a xii, 223 pages ;  |c 28 cm. 
336 |a text  |b txt  |2 rdacontent 
337 |a unmediated  |b n  |2 rdamedia 
338 |a volume  |b nc  |2 rdacarrier 
504 |a Includes bibliographies. 
650 0 |a Plywood. 
650 0 |a Paneling. 
650 0 |a Wood, Compressed. 
710 2 |a Food and Agriculture Organization of the United Nations. 
999 |a MARS 
999 f f |s e81a9056-6a2c-324a-821c-b31d866922cf  |i fac46c53-cf91-3641-aa78-54b4799319a0  |t 0 
952 f f |p ric  |a Texas A&M University  |b Rellis Campus  |c Joint Library Facility  |d Remote Storage  |t 0  |e TS870 .I5  |h Library of Congress classification  |i unmediated -- volume  |m A14805649822 
998 f f |a TS870 .I5  |t 0  |l Remote Storage